000 00602nam a2200241Ia 4500
005 20260320201005.0
008 008 262003s9999 xx 000 0 eng d
037 _aEBOOK
040 _aCRL
040 _beng
040 _cCRL
041 _2eng
041 _aeng
084 _qCRL
100 _aHu
245 0 _aArtificial Intelligence for Unmanned Aerial Vehicles: Sensing, Communication, and Computing
260 _bIEEE
260 _c2026
856 _uhttps://ieeexplore.ieee.org/servlet/opac?bknumber=11345182
942 _cEBOOK
999 _c1718140
_d1718140